In the reading gaol : postmodernity, texts and history
Αποθηκεύτηκε σε:
| Κύριος συγγραφέας: | |
|---|---|
| Μορφή: | Βιβλίο |
| Γλώσσα: | English |
| Δημοσίευση: |
Oxford :
Blackwell,
1994
|
| Θέματα: | |
| Ετικέτες: |
Προσθήκη ετικέτας
Δεν υπάρχουν, Καταχωρήστε ετικέτα πρώτοι!
|
MARC
| LEADER | 00000nam a2200000 i 4500 | ||
|---|---|---|---|
| 001 | 1/6208 | ||
| 008 | 960625s1994 eng d | ||
| 020 | |a 0-631-15198-2 | ||
| 035 | |l 10016274 | ||
| 040 | |a GR-MY-UA |b gre |e aacr | ||
| 041 | 0 | |a eng | |
| 082 | 0 | |a 801.950904 | |
| 100 | 1 | |a Cunningham, Valentine. | |
| 245 | 1 | 0 | |a In the reading gaol : |b postmodernity, texts and history / |c Valentine Cunningham |
| 260 | |a Oxford : |b Blackwell, |c 1994 | ||
| 300 | |a 418 p. | ||
| 504 | |a Includes bibliographical references and index. | ||
| 650 | 0 | 0 | |a English fiction |y 20th century |x History and criticism. |
| 650 | 0 | 0 | |a English fiction |y 19th century |x History and criticism. |
| 650 | 0 | 0 | |a Criticism. |
| 650 | 0 | 0 | |a Postmodernism (Literature) |
| 852 | |a INST |b LESVOS |e 19960625 |h 801.950904 CUN |p 005100009804 |q 005100009804 |t BK |y 0 | ||
| 909 | |a Λ |b 044435 | ||